000 00486nam a2200193 a 4500
001 947
003 CO-ViMGA
008 141112s2004 ck r 000 u spa d
040 _aCO-ViMGA
_bspa
_cCO-ViMGA
082 0 4 _a863.64 C154m
100 1 _aCañizo, Jose Antonio del
_96039
245 1 0 _aEl maestro y el robot
250 _a16a
260 _aMadrid :
_bS.M,
_c1994
300 _a154 p : il
490 _aEl barco de vapor, 11
650 1 4 _aNOVELA ESPAÑOLA
_9488
942 _2ddc
_cBK
999 _c13174
_d13174